000 00697nam a2200289Ia 4500
005 20260324124920.0
008 008 260324s9999 xx 000 0 eng d
020 _a9780203888568
037 _aEBOOK
040 _aCRL
040 _beng
040 _cCRL
041 _2eng
041 _aeng
084 _qCRL
100 _aGötz Nordbruch
_91175995
245 0 _aNazism in Syria and Lebanon
245 4 _bThe Ambivalence of the German Option, 1933–1945
260 _bTaylor and Francis
260 _c2009
365 _a
365 _b240
856 _uhttp://www.taylorfrancis.com/books/9780203888568
942 _cEBOOK
999 _c1770793
_d1770793